000 00685nam a2200241Ia 4500
001 19583
003 DO-CoUTE
005 20260204212613.0
008 220104s9999 dr 000 0 spa d
020 _a950-507-672-X
040 _aDO-CoUTE
_bspa
_cDO-CoUTE
041 0 _aspa
082 _a371.425 L864o
100 1 _aLópez Bonelli, Angela R.
245 1 0 _aLa orientación vocacional como proceso / Angela R. López Bonelli
250 _aCuarta edición
260 _aBuenos Aires, Argentina: Editorial Bonum
300 _a301 páginas
650 4 _aOrientación vocacional
942 _2ddc
_cBK
999 _c21121
_d21121